Loading...
| MB | 0 | 3 | 0 | 2 | 30 | 118 | 123.33 | 0 | 1 | 0.00 | 0.00 |
| RR | 1 | 1 | 0 | 0 | 25 | 40 | 88.50 | 1 | 1 | 0.00 | 0.00 |
| AW | 0 | 2 | 0 | 0 | 20 | 71 | 78.50 | 1 | 2 | 0.00 | 0.00 |
| TR | 0 | 1 | 0 | 0 | 10 | 87 | 87.00 | 0 | 1 | 0.00 | 0.00 |
| DM | 0 | 1 | 0 | 1 | 10 | 123 | 123.00 | 0 | 1 | 0.00 | 0.00 |
| KD | 0 | 1 | 0 | 0 | 10 | 99 | 99.00 | 0 | 1 | 0.00 | 0.00 |
| AG | 1 | 0 | 1 | 0 | 10 | 47 | 47.00 | 1 | 1 | 0.00 | 0.00 |
| BB | 0 | 1 | 1 | 0 | 5 | 106 | 106.00 | 0 | 1 | 0.00 | 0.00 |
| RC | 0 | 1 | 1 | 0 | 5 | 105 | 105.00 | 0 | 1 | 0.00 | 0.00 |
| RR | Louisiana | 15 | 40 |
| AG | Jean Rhys | 15 | 47 |
| AW | mushroom foraging | 10 | 71 |
| AG | body mass index | -5 | 83 |
| AW | periodate | 10 | 86 |
| TR | Jim Brown | 10 | 87 |
| RC | oranges | -5 | 96 |
| KD | Cornwall | 10 | 99 |
| RC | “The Custom-House” | 10 | 105 |
| BB | planetary migration | 10 | 106 |